[Event "Oberliga Wuerttemberg 1617"]
[Site "Wuerttemberg"]
[Date "2017.01.15"]
[Round "6.5"]
[White "Schwab, Matthias"]
[Black "Lindner, Silvio"]
[Result "1-0"]
[WhiteElo "2171"]
[BlackElo "2202"]
[PlyCount "37"]
[EventDate "2016.09.25"]
[EventType "team-tourn"]
[EventRounds "11"]
[EventCountry "GER"]
[SourceTitle "EXT 2019"]
[Source "ChessBase"]
[SourceDate "2018.10.10"]
[SourceVersion "1"]
[SourceVersionDate "2018.10.10"]
[SourceQuality "1"]
[WhiteTeam "Boeblingen"]
[BlackTeam "Sontheim/Brenz"]
[WhiteTeamCountry "GER"]
[BlackTeamCountry "GER"]

1. d4 Nf6 2. c4 c5 3. d5 Ne4 4. Nf3 g6 5. Qc2 Qa5+ 6. Nfd2 Nd6 7. Nc3 Na6 8. a3 Bg7 9. e3 0-0 10. Be2 e6 11. 0-0 Bxc3 12. Nb3 Qa4 13. Qxc3 exd5 14. cxd5 b6 15. Nd2 Qh4 16. b4 cxb4 17. axb4 Nxb4 18. Bb2 f6 19. g3 1-0

[Event "Oberliga Wuerttemberg 1516"]
[Site "Wuerttemberg"]
[Date "2016.03.13"]
[Round "8.6"]
[White "Lindner, Silvio"]
[Black "Namyslo, Holger"]
[Result "1/2-1/2"]
[WhiteElo "2073"]
[BlackElo "2218"]
[PlyCount "86"]
[EventDate "2015.09.20"]
[EventType "team-tourn"]
[EventRounds "9"]
[EventCountry "GER"]
[SourceTitle "EXT 2019"]
[Source "ChessBase"]
[SourceDate "2018.10.10"]
[SourceVersion "1"]
[SourceVersionDate "2018.10.10"]
[SourceQuality "1"]
[WhiteTeam "Sontheim/Brenz"]
[BlackTeam "Biberach"]
[WhiteTeamCountry "GER"]
[BlackTeamCountry "GER"]

1. d4 d5 2. Nf3 Nf6 3. c4 e6 4. Nc3 c6 5. cxd5 exd5 6. Bg5 Be7 7. Qc2 Nbd7 8. e3 0-0 9. Bd3 Re8 10. 0-0 Nf8 11. Rab1 a5 12. a3 Ne4 13. Bxe7 Qxe7 14. Bxe4 dxe4 15. Nd2 f5 16. Nc4 Be6 17. Ne5 Ng6 18. f4 exf3 19. Nxg6 hxg6 20. Rxf3 b5 21. Rg3 Qf6 22. Rf1 Bc4 23. Rf2 Qxd4 24. b3 Bd3 25. Qd2 Qd6 26. Rf4 c5 27. Nxb5 Qd7 28. Nc7 Qxc7 29. Qxd3 Qf7 30. Qc4 Rab8 31. Rxg6 Rxb3 32. Rg5 Qxc4 33. Rxc4 Rexe3 34. Rxc5 Re1+ 35. Kf2 Ra1 36. Rcxf5 Rb2+ 37. Kg3 Rxa3+ 38. Rf3 Rxf3+ 39. Kxf3 a4 40. Ra5 Rb3+ 41. Kg4 a3 42. g3 Rb2 43. Rxa3 Rxh2 1/2-1/2

[Event "Oberliga Wuerttemberg 1314"]
[Site "Wuerttemberg"]
[Date "2013.10.13"]
[Round "1.5"]
[White "Gulde, Juergen"]
[Black "Lindner, Silvio"]
[Result "1/2-1/2"]
[WhiteElo "1977"]
[BlackElo "2061"]
[PlyCount "79"]
[EventDate "2013.10.13"]
[EventType "team-tourn"]
[EventRounds "9"]
[EventCountry "GER"]
[SourceTitle "EXT 2019"]
[Source "ChessBase"]
[SourceDate "2018.10.10"]
[SourceVersion "1"]
[SourceVersionDate "2018.10.10"]
[SourceQuality "1"]
[WhiteTeam "Schwaebisch Gmuend"]
[BlackTeam "Sontheim/Brenz"]
[WhiteTeamCountry "GER"]
[BlackTeamCountry "GER"]

1. d4 Nf6 2. Nf3 e6 3. e3 b6 4. Bd3 Bb7 5. Nbd2 g6 6. b3 Bg7 7. Bb2 0-0 8. 0-0 Re8 9. c4 c5 10. Qc2 d6 11. Rad1 Nc6 12. a3 a5 13. Bc3 Qc7 14. Ne4 Nxe4 15. Bxe4 f5 16. Bxc6 Bxc6 17. d5 exd5 18. cxd5 Bb5 19. Rfe1 a4 20. Rb1 axb3 21. Qxb3 Ba4 22. Qb2 Bxc3 23. Qxc3 Bd7 24. h4 Qd8 25. Nd2 b5 26. h5 Qe7 27. hxg6 hxg6 28. e4 Qe5 29. Qf3 f4 30. Ra1 Ra4 31. Qd3 Qb2 32. e5 Bf5 33. Qb3 Qxd2 34. Qxb5 Raa8 35. e6 Qxd5 36. Rad1 Qa2 37. Rxd6 Bxe6 38. Qc6 Bf7 39. Rxg6+ Bxg6 40. Qxg6+ 1/2-1/2